000 00519nam a2200169 i 4500
001 57233
003 ES-MaACL
005 20230906163534.0
007 t|
008 031015s1934 fr ||||1| fre d
100 1 _aDixelius von Aster, Hildur.
_944899
245 1 0 _aSara-Alelia /
_cHildur Dixelius von Aster ; traduit du suedois par Anne-Marie des Courtis.
260 _aParis :
_b[s.n.],
_c1934 (
_fA. Cahors)
300 _a285 p. ;
_c19 cm.
700 1 _aCourtis, Anne-Marie des.
_941289
852 _aES-MaACL
_jA-3003
999 _c57233
_d57233